Los santos inocentes

Uloženo v:
Podrobná bibliografie
Hlavní autor: Delibes, Miguel (Autor)
Médium: Kniha
Jazyk:španělština
Vydáno: Santiago Seix Barral 1985
Vydání:1a. ed
Edice:Literatura Contemporánea, 11
Témata:
Tagy: Přidat tag
Žádné tagy, Buďte první, kdo vytvoří štítek k tomuto záznamu!

MARC

LEADER 00000cam a2200000 a 4500
001 UCE9418
003 CL-VaPUC
008 151022e19850000cl |||||||||||||||||spa|d
082 0 4 |a 863  |b DEL  |2 21 
100 0 |a Delibes, Miguel  |e author  |9 313774 
245 1 4 |a Los santos inocentes 
250 |a 1a. ed 
300 |a 180 p 
942 |c BK 
945 |d 20151022 17:18:00  |a dcastane 
260 |a Santiago  |b Seix Barral  |c 1985 
650 0 |a Narrativa hispanoamericana  |9 552155 
650 0 |a Novelas españolas  |9 265052 
650 0 |a Literatura española  |9 306261 
583 |a last modification  |c 20151029 04:13:38  |k Rodrigo Vera 
490 0 |a Literatura Contemporánea, 11 
999 |c 361082  |d 361080 
952 |0 0  |1 0  |3 erb  |4 0  |6 863_000000000000000_DEL_1985  |7 0  |8 C  |9 471405  |a BIBCUR  |b BIBCUR  |i 5205778  |l 1  |o 863 DEL 1985  |p 5205778  |r 2025-04-22  |s 2025-01-06  |w 2019-11-24  |y BK  |z Catalogado en:20151022  |k CAC